Everything Under The Sun Quiz Stats

 Plays Quiz not verified by Sporcle

Score 0/19 Timer 10:00
0 Plays Today
Hint Answer % Correct
NFL Defensive player of the year 2014JJ Watt
100%
NFL Defensive player of the year 2015JJ Watt
100%
What team plays at MSGKnicks
100%
NBA ROY 2014-15Andrew Wiggins
75%
What team is Anderson Varejao on?Warriors
75%
What team is Jonas Valančiūnas on?Raptors
75%
What team is Dele Alli on?Spurs
75%
17th President?Abrahma Lincoln
75%
NFL Offensive ROY 2014OBJ
50%
NFL Offensive ROY 2015Todd Gurley
50%
Hint Answer % Correct
NBA ROY 2015-16Karl Anthony-Towns
50%
What team is Doumbia on?New Castle
50%
What team plays at the American Airlines Arena?Heat
50%
What team plays at the Console Energy Center?Penguins
50%
0%
0%
0%
0%
0%

You're not logged in!

Compare scores with friends on all Sporcle quizzes.
OR
Log In

Show Comments

Extras

Created Apr 15, 2016ReportNominate
Tags:100, everything, impossible, sun, under

Top Quizzes Today


Score Distribution

Your Account Isn't Verified!

In order to create a playlist on Sporcle, you need to verify the email address you used during registration. Go to your Sporcle Settings to finish the process.

Report this User

Report this user for behavior that violates our Community Guidelines.

Details: